|
|
|
|
| LEADER |
00000nam a2200000 a 4500 |
| 001 |
UCH4499 |
| 003 |
CL-VaPUC |
| 008 |
090820e20090300CL |||||||||||||||||spa|d |
| 082 |
0 |
4 |
|a 155.232
|b ALD
|2 21
|
| 100 |
0 |
|
|a Aldea Guerrero, Elena de la
|e author
|9 540024
|
| 245 |
1 |
3 |
|a La violencia, las violencias: Reflexiones, experiencias e intervenciones
|
| 250 |
|
|
|a 2a. ed
|
| 300 |
|
|
|a 203 p
|
| 942 |
|
|
|c BK
|
| 945 |
|
|
|d 20090820 00:00:00
|a dcastane
|
| 260 |
|
|
|a Valparaíso
|b Sangría
|c 2009
|
| 650 |
|
0 |
|a Violencia
|x Aspectos psicológicos
|9 540025
|
| 650 |
|
0 |
|a Agresividad
|9 257862
|
| 650 |
|
0 |
|a Crítica e interpretación
|9 255042
|
| 583 |
|
|
|a last modification
|c 20190711 11:34:17
|k Rodrigo Vera
|
| 999 |
|
|
|c 335790
|d 335788
|
| 952 |
|
|
|0 0
|1 0
|4 0
|6 155_232000000000000_ALD_2009
|7 0
|8 A
|9 426511
|a BIBGIM
|b BIBGIM
|d 2019-11-22
|i 4591143
|l 1
|o 155.232 ALD 2009
|p 4591143
|r 2025-01-15
|s 2023-03-31
|w 2019-11-22
|y BK
|k GIM
|
| 952 |
|
|
|0 0
|1 0
|4 0
|6 155_232000000000000_ALD_2009
|7 0
|8 A
|9 426512
|a BIBGIM
|b BIBGIM
|d 2019-11-22
|i 4591151
|o 155.232 ALD 2009
|p 4591151
|r 2025-01-15
|w 2019-11-22
|y BK
|k GIM
|